[Event "67th ch-BUL"]
[Site "Sofia BUL"]
[Date "2003.05.07"]
[Round "1"]
[White "Panbukchian,V"]
[Black "Radulski,J"]
[Result "1/2-1/2"]
[WhiteElo "2325"]
[BlackElo "2493"]
[EventDate "2003.05.07"]

1. e4 e5 2. Nf3 Nc6 3. Bb5 a6 4. Bxc6 dxc6 5. O-O Qd6 6. b3 f6 7. Bb2 c5 8.
a4 Ne7 9. Na3 Be6 10. Nc4 Qd7 11. Qe2 Nc6 12. a5 O-O-O 13. d3 g5 14. Rfd1
h5 15. Ne3 Nd4 16. Nxd4 cxd4 17. Nf1 h4 18. Rab1 h3 19. g3 f5 20. exf5 Bxf5
21. Nd2 g4 22. Ne4 Rh6 23. Bc1 Rc6 24. Bg5 Re8 25. b4 Qd5 26. Rb2 Rg6 27.
Bd2 Bd7 28. Re1 Rf6 29. b5 axb5 30. c4 dxc3 31. Bxc3 Rf3 32. Bb4 Bxb4 33.
Rxb4 Ref8 34. Qd2 Rxf2 35. Qxf2 Rxf2 36. Kxf2 Qxd3 37. Re3 Qd1 38. Re2 Bc6
39. Nd2 Qh1 40. Ke3 Bf3 41. Rb1 Qxb1 42. Nxb1 Bxe2 43. Kxe2 Kd7 44. Nc3 Kc6
45. Ne4 b4 46. Nf2 Kd5 47. Nxg4 c5 48. Ne3+ Ke4 49. Nc4 Kd4 50. Nd6 b3 51.
Kd2 e4 52. Nf5+ Ke5 53. Ne3 Kd4 54. Nf5+ Ke5 55. Ne3 1/2-1/2

[Event "67th ch-BUL"]
[Site "Sofia BUL"]
[Date "2003.05.07"]
[Round "1"]
[White "Petrov,Marij"]
[Black "Cheparinov,I"]
[Result "1/2-1/2"]
[WhiteElo "2490"]
[BlackElo "2508"]
[EventDate "2003.05.07"]

1. e4 c5 2. Nf3 Nc6 3. d4 cxd4 4. Nxd4 Nf6 5. Nc3 e5 6. Ndb5 d6 7. Bg5 a6
8. Na3 b5 9. Nd5 Be7 10. Nxe7 Nxe7 11. f3 d5 12. exd5 Nfxd5 13. c4 bxc4 14.
Nxc4 f6 15. Bd2 O-O 16. Be2 Be6 17. O-O Nf5 18. Rf2 Nb6 19. Ne3 Nd4 20. Bf1
Rf7 21. f4 exf4 22. Rxf4 Rd7 23. Rf2 Qe7 24. Qh5 Bf7 25. Qh3 Be6 26. Qh4
Rad8 27. Bc3 Qc5 28. Re1 Bf7 29. Bxa6 Re8 30. Nf1 Rxe1 31. Bxe1 Bxa2 32. b4
Qd5 33. Bd3 f5 34. Bc3 Bc4 35. Ne3 Nf3+ 36. Rxf3 Qxd3 37. Nxc4 Qxc4 38.
Qxc4+ Nxc4 39. Rxf5 Rd3 40. Rf3 Rd1+ 41. Kf2 Nd6 42. Ke2 Rg1 43. Rd3 Rxg2+
44. Kf3 Rxh2 45. Kg3 Rh6 46. Be5 Nc4 47. Bc3 1/2-1/2

[Event "67th ch-BUL"]
[Site "Sofia BUL"]
[Date "2003.05.07"]
[Round "1"]
[White "Dragiev,V"]
[Black "Georgiev,Kr"]
[Result "1/2-1/2"]
[WhiteElo "2450"]
[BlackElo "2516"]
[EventDate "2003.05.07"]

1. c4 Nf6 2. Nc3 g6 3. g3 Bg7 4. Bg2 O-O 5. d4 d6 6. Nf3 c6 7. O-O a6 8. e4
Be6 9. Qe2 b5 10. d5 Bg4 11. h3 Bxf3 12. Bxf3 Nfd7 13. Bg2 Nb6 14. dxc6
Nxc6 15. cxb5 Nd4 16. Qd3 Nxb5 17. Nxb5 axb5 18. Qxb5 Na4 19. Rb1 Nc5 20.
Qc4 Qd7 21. Be3 Rfb8 22. b4 Qe6 23. Qxe6 Nxe6 24. e5 Rxa2 25. exd6 exd6 26.
Rfd1 Rb2 27. Rxb2 Bxb2 28. Rxd6 Ba3 29. Bd5 Bxb4 30. Rd7 Re8 31. Kg2 Re7
32. Rxe7 Bxe7 33. f4 h5 34. Kf3 Kf8 35. Bc4 Ng7 36. g4 hxg4+ 37. hxg4 f5
1/2-1/2

[Event "67th ch-BUL"]
[Site "Sofia BUL"]
[Date "2003.05.07"]
[Round "1"]
[White "Iotov,V"]
[Black "Karakehajov,K"]
[Result "0-1"]
[WhiteElo "2255"]
[BlackElo "2273"]
[EventDate "2003.05.07"]

1. d4 d5 2. Nf3 e6 3. c4 c6 4. Qc2 Nf6 5. g3 Be7 6. Bg2 O-O 7. O-O Nbd7 8.
Rd1 b6 9. b3 Bb7 10. Nc3 Rc8 11. e4 a5 12. e5 Ne8 13. Bf1 Nc7 14. cxd5 Nxd5
15. Nxd5 cxd5 16. Qb1 Nb8 17. Bd3 h6 18. Qb2 Ba6 19. Bb1 Rc6 20. a3 Qc7 21.
Be3 Rc8 22. Ne1 Nd7 23. Nd3 Bf8 24. Nf4 Bb5 25. Re1 Qb7 26. Qd2 a4 27. b4
Bc4 28. Qc2 f5 29. exf6 Nxf6 30. Nh5 Ne4 31. f3 Bb3 32. Qg2 Nd6 33. Qh3 Qf7
34. Nf4 Nf5 35. Nxe6 Nxe3 36. Rxe3 Rc1+ 37. Kf2 Bc2 38. Ng5 hxg5 39. Qxc8
Rxb1 40. Rxb1 Bxb1 41. Re5 Qh5 42. h4 Qf7 43. Rxg5 Be4 44. Qg4 Be7 45. Rh5
g6 46. Re5 Bf6 47. Qc8+ Kg7 48. Re8 Bxd4+ 49. Ke1 Qxf3 50. Rg8+ Kh7 0-1

[Event "67th ch-BUL"]
[Site "Sofia BUL"]
[Date "2003.05.08"]
[Round "2"]
[White "Radulski,J"]
[Black "Dragiev,V"]
[Result "1/2-1/2"]
[WhiteElo "2493"]
[BlackElo "2450"]
[EventDate "2003.05.07"]

1. e4 c5 2. Nf3 d6 3. d4 cxd4 4. Nxd4 Nf6 5. Nc3 a6 6. Bc4 e6 7. a3 Be7 8.
Ba2 O-O 9. O-O Nc6 10. Be3 Nxd4 11. Bxd4 b5 12. Qd3 Bb7 13. Rad1 Qc7 14.
Kh1 Rac8 15. f4 Bc6 16. Qg3 Qb7 17. e5 dxe5 18. Bxe5 g6 19. Qh3 a5 20. b4
axb4 21. axb4 Nd7 22. Bd4 Bf6 23. Ne2 Bxg2+ 24. Qxg2 Qxg2+ 25. Kxg2 Rxc2
26. Bb1 Rxe2+ 27. Kf3 Rxh2 28. Bg1 Rh3+ 29. Kg2 Rb3 30. Rxd7 Rxb4 31. Bd3
Rc8 32. Be3 Rb3 33. Kf3 b4 34. Rc1 Rcc3 35. Ke2 Rb2+ 36. Kd1 Ra2 37. Bd2
Rxc1+ 38. Bxc1 Ra1 39. Kd2 b3 40. Rb7 Ra2+ 41. Kd1 b2 42. Bd2 h5 43. Bb1
Ra8 44. Rb3 Rc8 45. Be4 Kg7 46. Rb7 Bd4 47. Rb4 Bf6 48. Rb7 Rc4 49. Bd3 Rc5
50. Be4 h4 51. Rb3 Rc8 52. Bc2 Ra8 53. Bb1 Rd8 54. Ke2 Rc8 55. Kd1 Bd4 56.
Rh3 Bf6 57. Rb3 Rh8 58. Rh3 e5 59. fxe5 Bxe5 60. Ke2 Bf6 61. Kf3 Rd8 62.
Ke2 g5 63. Bc3 Rd6 64. Bxf6+ Rxf6 65. Rb3 Rf4 66. Rxb2 g4 67. Rb5 Kf6 68.
Ke3 Rf3+ 69. Ke2 h3 70. Be4 Rf4 71. Ke3 Rf1 72. Rh5 Ke6 73. Ke2 Rf6 74. Ke3
Rf1 75. Ke2 Rf6 76. Ke3 1/2-1/2

[Event "67th ch-BUL"]
[Site "Sofia BUL"]
[Date "2003.05.08"]
[Round "2"]
[White "Cheparinov,I"]
[Black "Panbukchian,V"]
[Result "1/2-1/2"]
[WhiteElo "2508"]
[BlackElo "2325"]
[EventDate "2003.05.07"]

1. e4 c6 2. d4 d5 3. e5 g6 4. f4 h5 5. Nf3 Nh6 6. Be2 Bf5 7. O-O e6 8. b3
c5 9. Ba3 Nc6 10. Bb5 Qa5 11. Bxc6+ bxc6 12. Qd2 Qxd2 13. Nbxd2 cxd4 14.
Bxf8 Rxf8 15. Nxd4 Kd7 16. b4 Rfb8 17. a3 a5 18. N2b3 axb4 19. axb4 Rxa1
20. Rxa1 Rxb4 21. Ra7+ Kc8 22. Nxc6 Rb6 23. Nbd4 Ng4 24. Kf1 Ne3+ 25. Ke2
Nxg2 26. Rxf7 Nxf4+ 27. Ke3 Ng2+ 28. Kf2 Nf4 29. Na7+ Kd8 30. Ndb5 g5 31.
Rc7 Ng6 32. Nc6+ Rxc6 33. Rxc6 Nxe5 34. Rc7 Ng4+ 35. Kg1 Ne3 36. Rg7 Nxc2
37. Rxg5 Ke7 38. Rxh5 d4 39. Kf2 Kf6 40. Nd6 Bg6 41. Rc5 e5 42. Rc6 Kg5 43.
Nb5 Bd3 44. Kg3 Ne3 45. Rc5 Nf5+ 46. Kf2 Kf4 47. Nc7 e4 48. Ne6+ Kg4 49.
h3+ Kxh3 50. Rxf5 e3+ 1/2-1/2

[Event "67th ch-BUL"]
[Site "Sofia BUL"]
[Date "2003.05.08"]
[Round "2"]
[White "Karakehajov,K"]
[Black "Petrov,Marij"]
[Result "1-0"]
[WhiteElo "2273"]
[BlackElo "2490"]
[EventDate "2003.05.07"]

1. e4 c5 2. Nf3 Nc6 3. d4 cxd4 4. Nxd4 Qb6 5. Nb3 Nf6 6. Nc3 e6 7. Qe2 Bb4
8. Bd2 O-O 9. a3 Be7 10. O-O-O d5 11. e5 Nd7 12. f4 a6 13. h4 Qc7 14. Rh3
b5 15. Qg4 f5 16. Qh5 b4 17. axb4 Nxb4 18. g4 Nc5 19. Nd4 Qa5 20. Kb1 Ne4
21. gxf5 exf5 22. Bd3 Rb8 23. Bxe4 dxe4 24. Rg3 Qb6 25. Rdg1 Rf7 26. Be3
Nd5 27. Na4 Nc3+ 28. Kc1 Nxa4 29. Rxg7+ Rxg7 30. Rxg7+ Kxg7 31. Nxf5+ Bxf5
32. Bxb6 Bg6 33. Qg4 Rxb6 34. Qd7 Kf8 35. Qxa4 Bxh4 36. Qc4 Rb8 37. Qe6 Rd8
38. Qg4 Be1 39. f5 Bf7 40. e6 Bd2+ 41. Kb1 e3 42. f6 Bg6 43. e7+ Ke8 44.
exd8=Q+ Kxd8 45. Qe6 h5 46. f7 1-0

[Event "67th ch-BUL"]
[Site "Sofia BUL"]
[Date "2003.05.09"]
[Round "3"]
[White "Panbukchian,V"]
[Black "Karakehajov,K"]
[Result "1/2-1/2"]
[WhiteElo "2325"]
[BlackElo "2273"]
[EventDate "2003.05.07"]

1. e4 e5 2. Nf3 Nc6 3. Bc4 Bc5 4. c3 Nf6 5. d3 d6 6. O-O Bb6 7. Re1 O-O 8.
Nbd2 Ne7 9. Bb3 Ng6 10. Nc4 Re8 11. a4 c6 12. Nxb6 axb6 13. d4 Qe7 14. dxe5
dxe5 15. Be3 Bg4 16. h3 Bh5 17. g3 b5 18. Kg2 bxa4 19. Rxa4 Rxa4 20. Bxa4
Nf8 21. Bc2 Ne6 22. Qb1 Nd7 23. Qa2 Qf6 24. Nh2 Ng5 25. Bxg5 Qxg5 26. Nf1
Nf8 27. Qa7 Ng6 28. Kh2 Qf6 29. Qe3 Nf8 30. Bd1 Bxd1 31. Rxd1 Rd8 1/2-1/2

[Event "67th ch-BUL"]
[Site "Sofia BUL"]
[Date "2003.05.09"]
[Round "3"]
[White "Petrov,Marij"]
[Black "Simeonov,S"]
[Result "1/2-1/2"]
[WhiteElo "2490"]
[BlackElo "2345"]
[EventDate "2003.05.07"]

1. e4 c5 2. Nf3 d6 3. d4 cxd4 4. Nxd4 Nf6 5. Nc3 a6 6. f4 e5 7. Nf3 Nbd7 8.
a4 Be7 9. Bd3 O-O 10. O-O exf4 11. Bxf4 Ne5 12. Qe1 Qc7 13. Kh1 Be6 14. Nd4
Rad8 15. Nce2 Nh5 16. Bd2 Rfe8 17. Ba5 b6 18. Bc3 d5 19. Nxe6 fxe6 20. Bxa6
Ng4 21. e5 Ne3 22. Nd4 Nxf1 23. Nxe6 Qc6 24. Nd4 Nfg3+ 1/2-1/2

[Event "67th ch-BUL"]
[Site "Sofia BUL"]
[Date "2003.05.09"]
[Round "3"]
[White "Iotov,V"]
[Black "Genov,Peta"]
[Result "0-1"]
[WhiteElo "2255"]
[BlackElo "2490"]
[EventDate "2003.05.07"]

1. e4 c6 2. d4 d5 3. Nc3 dxe4 4. Nxe4 Bf5 5. Ng3 Bg6 6. h4 h6 7. Nf3 Nf6 8.
Ne5 Bh7 9. Bd3 Bxd3 10. Qxd3 e6 11. O-O Bd6 12. Bf4 O-O 13. Qb3 Nd5 14.
Qxb7 Nxf4 15. Qxa8 Qc7 16. b4 Bxe5 17. b5 Bxd4 18. Rab1 Nh3+ 0-1

[Event "67th ch-BUL"]
[Site "Sofia BUL"]
[Date "2003.05.09"]
[Round "3"]
[White "Georgiev,Kr"]
[Black "Radulski,J"]
[Result "1/2-1/2"]
[WhiteElo "2516"]
[BlackElo "2493"]
[EventDate "2003.05.07"]

1. e4 e5 2. Nf3 Nc6 3. Bb5 a6 4. Ba4 Nf6 5. O-O Be7 6. Bxc6 dxc6 7. Qe1 Nd7
8. b3 O-O 9. Bb2 Bd6 10. Na3 Qe7 11. Nc4 Re8 12. Rd1 c5 13. d3 b6 14. a4 a5
1/2-1/2

[Event "67th ch-BUL"]
[Site "Sofia BUL"]
[Date "2003.05.09"]
[Round "3"]
[White "Dragiev,V"]
[Black "Cheparinov,I"]
[Result "1/2-1/2"]
[WhiteElo "2450"]
[BlackElo "2508"]
[EventDate "2003.05.07"]

1. e4 c5 2. Nf3 Nc6 3. d4 cxd4 4. Nxd4 Nf6 5. Nc3 e5 6. Ndb5 d6 7. Bg5 a6
8. Bxf6 gxf6 9. Na3 b5 10. Nd5 f5 11. exf5 Bxf5 12. c3 Bg7 13. Nc2 O-O 14.
Nce3 Be6 15. g3 f5 16. Bg2 f4 17. Nc2 Bf5 18. Nxf4 exf4 19. Bxc6 Qe7+ 20.
Kf1 Bh3+ 21. Bg2 Qe4 22. f3 fxg3 23. Kg1 Qe6 24. hxg3 Bf5 25. g4 Bxc2 26.
Qxc2 Qe3+ 27. Qf2 Qf4 28. Rh5 Rae8 29. Rd1 Re5 30. Qd2 1/2-1/2

[Event "67th ch-BUL"]
[Site "Sofia BUL"]
[Date "2003.05.10"]
[Round "4"]
[White "Cheparinov,I"]
[Black "Georgiev,Kr"]
[Result "0-1"]
[WhiteElo "2508"]
[BlackElo "2516"]
[EventDate "2003.05.07"]

1. e4 c5 2. Nf3 d6 3. d4 cxd4 4. Nxd4 Nf6 5. Nc3 a6 6. Bg5 e6 7. f4 Qc7 8.
Qf3 b5 9. O-O-O Bb7 10. Bd3 Nbd7 11. Rhe1 Qb6 12. Nd5 Qxd4 13. Bxf6 gxf6
14. Bxb5 Qc5 15. b4 Qxb5 16. Nc7+ Ke7 17. Nxb5 axb5 18. Qd3 Ra6 19. Qxb5
Rb6 20. Qc4 Bh6 21. g3 Rc8 22. Qb3 Rbc6 23. b5 Rc3 24. Qb4 Rxc2+ 25. Kb1
R2c5 26. Rc1 f5 27. exf5 Be4+ 28. Kb2 Bg7+ 0-1

[Event "67th ch-BUL"]
[Site "Sofia BUL"]
[Date "2003.05.10"]
[Round "4"]
[White "Karakehajov,K"]
[Black "Dragiev,V"]
[Result "1/2-1/2"]
[WhiteElo "2273"]
[BlackElo "2450"]
[EventDate "2003.05.07"]

1. e4 c5 2. Nf3 d6 3. d4 cxd4 4. Qxd4 a6 5. c4 Nc6 6. Qd2 Nf6 7. Nc3 e6 8.
Bd3 Be7 9. O-O O-O 10. b3 b6 11. Bb2 Bb7 12. Rad1 Rc8 13. Bb1 Qc7 14. Rfe1
Rfe8 15. Qf4 Nd7 16. Qg3 Bf8 17. Rd2 Nde5 18. Ng5 h6 19. Nh3 Rcd8 20. Red1
Bc8 21. Nf4 Kh8 22. Nh5 Ng6 23. Kh1 Qb7 24. f4 b5 25. cxb5 axb5 26. Ne2 b4
27. f5 Nge5 28. Rxd6 Rxd6 29. Rxd6 f6 30. Rd2 exf5 31. exf5 Qf7 32. Nhf4
Bc5 33. h3 Ne7 34. Ng6+ N7xg6 35. fxg6 Qe7 36. Nf4 Bb7 37. Bf5 Bb6 38. Qe1
Bc6 39. Nd5 1/2-1/2

[Event "67th ch-BUL"]
[Site "Sofia BUL"]
[Date "2003.05.11"]
[Round "5"]
[White "Radulski,J"]
[Black "Cheparinov,I"]
[Result "1/2-1/2"]
[WhiteElo "2493"]
[BlackElo "2508"]
[EventDate "2003.05.07"]

1. e4 c5 2. Nf3 Nc6 3. d4 cxd4 4. Nxd4 Nf6 5. Nc3 e5 6. Ndb5 d6 7. Bg5 a6
8. Na3 b5 9. Bxf6 gxf6 10. Nd5 f5 11. exf5 Bxf5 12. c3 Bg7 13. Nc2 Be6 14.
Nce3 Ne7 15. g3 Nxd5 16. Nxd5 O-O 17. Bg2 f5 18. O-O a5 19. Qe2 Rb8 20.
Rad1 Qd7 21. f4 Kh8 22. Rd2 e4 23. Rfd1 b4 24. c4 b3 25. a3 Qa7+ 26. Kh1
Rbc8 27. Ne3 Qc5 28. Bf1 Rc6 1/2-1/2

[Event "67th ch-BUL"]
[Site "Sofia BUL"]
[Date "2003.05.11"]
[Round "5"]
[White "Georgiev,Kr"]
[Black "Karakehajov,K"]
[Result "1/2-1/2"]
[WhiteElo "2516"]
[BlackElo "2273"]
[EventDate "2003.05.07"]

1. e4 e5 2. Nf3 Nc6 3. Bb5 a6 4. Ba4 Nf6 5. O-O Be7 6. Re1 b5 7. Bb3 O-O 8.
c3 d5 9. exd5 Nxd5 10. a4 Bb7 11. axb5 axb5 12. Rxa8 Bxa8 13. d3 Bf6 14.
Na3 b4 15. Nc4 bxc3 16. Ncxe5 Nxe5 17. Nxe5 cxb2 18. Bxb2 Re8 1/2-1/2

[Event "67th ch-BUL"]
[Site "Sofia BUL"]
[Date "2003.05.11"]
[Round "5"]
[White "Panbukchian,V"]
[Black "Genov,Peta"]
[Result "1-0"]
[WhiteElo "2325"]
[BlackElo "2490"]
[EventDate "2003.05.07"]

1. e4 c5 2. Nf3 d6 3. Bc4 Nf6 4. Nc3 e6 5. O-O a6 6. a4 Nc6 7. d4 cxd4 8.
Nxd4 Be7 9. Kh1 O-O 10. f4 d5 11. exd5 exd5 12. Bb3 Re8 13. Be3 Bb4 14. Qd3
Na5 15. Ba2 Nc4 16. Nd1 Nd6 17. c3 Ba5 18. Bg1 Nde4 19. Ne3 Bc7 20. Rae1
Nc5 21. Qd1 Bd7 22. Nxd5 Nxd5 23. Bxd5 Bxa4 24. Bxf7+ Kxf7 25. Qh5+ Kg8 26.
Qxc5 Qd7 27. f5 Bc6 28. Nxc6 Qxc6 29. Qxc6 bxc6 30. Bc5 Kf7 31. g3 a5 32.
Kg2 Rab8 33. Ba3 h5 34. h3 Kf6 35. g4 hxg4 36. hxg4 Rbd8 37. g5+ Kf7 38.
Rxe8 Rxe8 39. Rd1 Rd8 40. Re1 Rd2+ 41. Kf3 Bd6 42. g6+ Kf8 43. Re2 Rd5 44.
Re5 Rd2 45. Bxd6+ Rxd6 46. Rxa5 Ke7 47. Ke4 Rd1 48. Ra7+ Kf6 49. Rf7+ Kg5
50. Ke5 Rd5+ 51. Ke6 Rb5 52. b4 c5 53. f6 Rb6+ 54. Ke7 cxb4 55. fxg7 b3 56.
g8=Q b2 57. Rf1 1-0

[Event "67th ch-BUL"]
[Site "Sofia BUL"]
[Date "2003.05.12"]
[Round "6"]
[White "Iotov,V"]
[Black "Petrov,Marij"]
[Result "1/2-1/2"]
[WhiteElo "2255"]
[BlackElo "2490"]
[EventDate "2003.05.07"]

1. d4 g6 2. e4 Bg7 3. Nf3 Nf6 4. Nc3 d5 5. e5 Ne4 6. Bd3 Bf5 7. Qe2 Nxc3 8.
bxc3 Bxd3 9. cxd3 c5 10. O-O cxd4 11. cxd4 Nc6 12. Rb1 Qd7 13. h4 O-O 14.
Bf4 b6 15. Qe3 Qg4 16. g3 Rac8 17. Nh2 Qf5 18. h5 g5 19. Bxg5 f6 20. Bf4
fxe5 21. dxe5 Nxe5 22. d4 Nc6 23. Nf3 Qxh5 24. Kg2 Nxd4 25. Nxd4 e5 26. Rh1
exf4 27. Rxh5 fxe3 28. fxe3 Bxd4 29. exd4 Rc2+ 30. Kh3 Rxa2 31. Rxd5 Rf6
32. Rd7 Rh6+ 33. Kg4 Rg6+ 34. Kf3 Ra3+ 35. Kf4 Rf6+ 36. Ke5 Rf7 37. Rxf7
Kxf7 38. Rf1+ Ke8 39. g4 Re3+ 40. Kd5 Re7 41. Kc6 Re6+ 42. Kc7 Re4 43. d5
Rc4+ 44. Kb7 b5 45. Kxa7 b4 46. Kb6 Rxg4 47. Rf3 Rc4 48. Rb3 h5 49. Kb5 Re4
50. Kc6 Rc4+ 51. Kb5 Rg4 52. Kc6 1/2-1/2

[Event "67th ch-BUL"]
[Site "Sofia BUL"]
[Date "2003.05.12"]
[Round "6"]
[White "Genov,Peta"]
[Black "Dragiev,V"]
[Result "1/2-1/2"]
[WhiteElo "2490"]
[BlackElo "2450"]
[EventDate "2003.05.07"]

1. d4 Nf6 2. c4 e6 3. Nf3 c5 4. d5 exd5 5. cxd5 d6 6. Nc3 g6 7. e4 Bg7 8.
Bg5 h6 9. Bh4 O-O 10. Nd2 a6 11. a4 Nbd7 12. Be2 Qe7 13. O-O g5 14. Bg3 Ne5
15. f4 gxf4 16. Bxf4 Ne8 17. Bg3 f5 18. Qc2 Qg5 19. Bf4 Qg6 20. Nf3 Nxf3+
21. Bxf3 fxe4 22. Bxe4 Bf5 23. Bg3 Bd4+ 24. Kh1 Ng7 25. Rf3 Bxc3 26. Bxf5
Rxf5 27. bxc3 Raf8 28. Kg1 Kh7 29. Rxf5 Nxf5 30. Rf1 Rf6 31. Bf4 b5 32.
axb5 axb5 33. Qe2 Qf7 34. Qe4 Kg8 35. g3 Ne7 36. Rd1 Kg7 37. Qe3 Nxd5 38.
Bxh6+ Rxh6 39. Qg5+ Rg6 40. Qxd5 Qxd5 41. Rxd5 Kf7 42. Kf2 Ke6 43. Rd2 Rg4
44. h4 Rc4 45. Rd3 b4 46. cxb4 Rxb4 47. h5 d5 48. Kf3 c4 49. Rd1 c3 50. h6
Rb7 51. Rc1 Rc7 52. Ke3 Kf6 53. Kd3 Kg6 54. Rxc3 Rxc3+ 55. Kxc3 Kxh6 56.
Kd4 Kg5 57. Kxd5 Kg4 1/2-1/2

[Event "67th ch-BUL"]
[Site "Sofia BUL"]
[Date "2003.05.12"]
[Round "6"]
[White "Karakehajov,K"]
[Black "Radulski,J"]
[Result "1/2-1/2"]
[WhiteElo "2273"]
[BlackElo "2493"]
[EventDate "2003.05.07"]

1. e4 e5 2. Bc4 Nf6 3. Nc3 Nc6 4. d3 Bb4 5. Nge2 d5 6. exd5 Nxd5 7. Bxd5
Qxd5 8. O-O Qd8 9. f4 exf4 10. Bxf4 O-O 11. Qe1 f5 12. Qg3 Rf7 13. Kh1 Be6
14. a3 Bf8 15. Rfe1 Qd7 16. Rad1 Re8 17. Nb5 Rc8 18. Ng1 Rf6 19. Nf3 Rg6
20. Qf2 Bd5 21. Nh4 Rf6 22. c4 Be6 23. Nxa7 Nxa7 24. Qxa7 c5 25. Nf3 h6 26.
Be5 Rg6 27. Qa5 Bf7 28. Qc3 b5 29. h3 Qb7 30. Bf4 bxc4 31. dxc4 Rb6 32. Be5
Bh5 33. Rd5 Rb3 34. Qc2 Rxf3 35. gxf3 Bxf3+ 36. Kg1 Bxd5 37. cxd5 Qxd5 38.
Bc3 c4 39. Qg2 Qxg2+ 40. Kxg2 Kf7 41. a4 g6 42. a5 Bg7 43. a6 Bxc3 44. bxc3
Ra8 45. Ra1 Ra7 46. h4 Ke6 47. Kf3 Kd5 48. Kf4 Kc5 49. h5 gxh5 50. Ra5+ Kb6
51. Rxf5 Rxa6 52. Rxh5 Ra3 53. Ke4 Rxc3 54. Kd4 Rc1 55. Rxh6+ Kb5 56. Rh8
1/2-1/2

[Event "67th ch-BUL"]
[Site "Sofia BUL"]
[Date "2003.05.13"]
[Round "7"]
[White "Radulski,J"]
[Black "Simeonov,S"]
[Result "1/2-1/2"]
[WhiteElo "2493"]
[BlackElo "2345"]
[EventDate "2003.05.07"]

1. e4 c5 2. Nf3 d6 3. d4 cxd4 4. Nxd4 Nf6 5. Nc3 a6 6. Bg5 e6 7. Qf3 Nbd7
8. O-O-O Qc7 9. Qg3 b5 10. Bxb5 axb5 11. Ndxb5 Qb8 12. Nxd6+ Bxd6 13. Qxd6
Qxd6 14. Rxd6 h6 15. Bxf6 Nxf6 16. f3 Ke7 17. Rd4 g5 18. Rhd1 Ra7 19. a4
Bd7 20. Rc4 Rb8 21. b3 Be8 22. Kb2 Nd7 23. Nb5 Ne5 24. Rc5 Bxb5 25. Rxb5
Rxb5 26. axb5 Rd7 27. Rxd7+ Kxd7 28. Kc3 Ng6 29. g3 Ne5 1/2-1/2

[Event "67th ch-BUL"]
[Site "Sofia BUL"]
[Date "2003.05.13"]
[Round "7"]
[White "Panbukchian,V"]
[Black "Iotov,V"]
[Result "1/2-1/2"]
[WhiteElo "2325"]
[BlackElo "2255"]
[EventDate "2003.05.07"]

1. e4 c5 2. Nf3 e6 3. d3 Nc6 4. Be2 Nge7 5. O-O g6 6. c3 Bg7 7. Nbd2 O-O 8.
Nb3 d6 9. d4 b6 10. Be3 Bb7 11. Qd2 Nb8 12. Rad1 c4 13. Bxc4 Bxe4 14. Qe2
d5 15. Bd3 Bxd3 16. Rxd3 Nbc6 17. Bf4 Nf5 18. Re1 Qd7 19. h3 Rae8 20. g4
Nd6 21. Nbd2 a5 22. Re3 a4 23. a3 Rc8 24. Ne5 Nxe5 25. Bxe5 Bxe5 26. Rxe5
Qb5 27. Qxb5 Nxb5 28. Kg2 Nd6 29. h4 b5 30. Nf1 Rc6 31. Ng3 b4 32. axb4 a3
33. bxa3 Rxc3 34. R5e3 Rxe3 35. fxe3 Ra8 36. Ra1 Ra4 37. Kf3 Nb5 38. Kf4
Kf8 39. e4 Nxd4 40. exd5 exd5 41. Ke5 Nc2 42. Rc1 Nxa3 43. Rc8+ Kg7 44. Rb8
Nc2 45. b5 Rxg4 46. Nf1 Na3 47. b6 Nc4+ 48. Kxd5 Nxb6+ 49. Rxb6 Rxh4
1/2-1/2

[Event "67th ch-BUL"]
[Site "Sofia BUL"]
[Date "2003.05.14"]
[Round "8"]
[White "Iotov,V"]
[Black "Dragiev,V"]
[Result "0-1"]
[WhiteElo "2255"]
[BlackElo "2450"]
[EventDate "2003.05.07"]

1. d4 Nf6 2. c4 e6 3. Nc3 c5 4. d5 exd5 5. cxd5 d6 6. e4 g6 7. f4 Bg7 8.
Bb5+ Nfd7 9. Nf3 a6 10. Bd3 b5 11. O-O O-O 12. Kh1 Re8 13. f5 c4 14. Bc2
Ne5 15. Bg5 Bf6 16. Nxe5 Bxg5 17. Nxf7 Kxf7 18. fxg6+ Kg8 19. Qh5 h6 20. g7
Ra7 21. h4 Bxh4 22. Rf8+ Rxf8 23. gxf8=Q+ Kxf8 24. Rf1+ Kg8 25. e5 dxe5 26.
Qxe5 Rg7 27. Qxb8 Bg3 0-1

[Event "67th ch-BUL"]
[Site "Sofia BUL"]
[Date "2003.05.14"]
[Round "8"]
[White "Simeonov,S"]
[Black "Cheparinov,I"]
[Result "1/2-1/2"]
[WhiteElo "2345"]
[BlackElo "2508"]
[EventDate "2003.05.07"]

1. e4 e5 2. Nf3 Nc6 3. Bb5 Nf6 4. O-O Nxe4 5. Re1 Nd6 6. Nxe5 Nxe5 7. Rxe5+
Be7 8. Nc3 O-O 9. Bd3 Bf6 10. Re3 g6 11. b3 Bd4 12. Bb2 b6 13. Qg4 Bg7 14.
Rae1 Bb7 15. Nd1 f5 16. Qf4 Be4 1/2-1/2

[Event "67th ch-BUL"]
[Site "Sofia BUL"]
[Date "2003.05.14"]
[Round "8"]
[White "Genov,Peta"]
[Black "Radulski,J"]
[Result "1/2-1/2"]
[WhiteElo "2490"]
[BlackElo "2493"]
[EventDate "2003.05.07"]

1. d4 d5 2. c4 e6 3. Nc3 Nf6 4. Nf3 Be7 5. Bg5 O-O 6. e3 Nbd7 7. Qc2 h6 8.
Bh4 c5 9. cxd5 Nxd5 10. Bxe7 Qxe7 11. Nxd5 exd5 12. dxc5 Nxc5 13. Be2 Bg4
14. O-O Rac8 15. Rac1 Qf6 16. Qd2 Rfd8 17. Rfd1 Ne4 18. Qd4 Bxf3 19. Qxf6
Nxf6 20. Bxf3 Kf8 21. Kf1 Rc6 22. Rxc6 bxc6 23. Rc1 Rc8 24. Rc5 Ke7 25. Ra5
Rc7 26. b4 Kd6 27. Ke1 Nd7 28. Kd2 g6 29. a3 h5 30. h4 Ke5 31. Be2 Kd6 32.
Ra6 Nb8 33. Ra5 Nd7 34. Bf3 Ne5 35. Be2 Nd7 1/2-1/2

[Event "67th ch-BUL"]
[Site "Sofia BUL"]
[Date "2003.05.15"]
[Round "9"]
[White "Georgiev,Kr"]
[Black "Iotov,V"]
[Result "1-0"]
[WhiteElo "2516"]
[BlackElo "2255"]
[EventDate "2003.05.07"]

1. e4 c5 2. b3 e6 3. Bb2 a6 4. Nf3 d6 5. d4 cxd4 6. Nxd4 Nf6 7. Bd3 b6 8.
c4 Bb7 9. Nc3 Nbd7 10. O-O g6 11. Qd2 Bg7 12. Rad1 O-O 13. Bb1 Nc5 14. f3
Qc7 15. Qg5 Rad8 16. Kh1 Qb8 17. Rd2 e5 18. Nc2 b5 19. cxb5 axb5 20. Nb4
Ne6 21. Qe3 Nd4 22. Ne2 d5 23. exd5 Nxe2 24. Rxe2 Nxd5 25. Nxd5 Rxd5 26.
Rfe1 f6 27. Qb6 Ba8 28. Qe6+ Kh8 29. h4 Qd6 30. Qxd6 Rxd6 31. Ba3 Rd4 32.
Bxf8 Rxh4+ 33. Kg1 Bxf8 34. Rc1 Kg7 35. Rc7+ Kh6 36. Be4 Bxe4 37. Rxe4 Rxe4
38. fxe4 Kg5 39. a4 bxa4 40. bxa4 Bb4 41. Rxh7 Kf4 42. Kf1 g5 43. Rf7 Kxe4
44. Rxf6 Kd3 45. Rf5 e4 46. Rd5+ 1-0

[Event "67th ch-BUL"]
[Site "Sofia BUL"]
[Date "2003.05.15"]
[Round "9"]
[White "Karakehajov,K"]
[Black "Simeonov,S"]
[Result "0-1"]
[WhiteElo "2273"]
[BlackElo "2345"]
[EventDate "2003.05.07"]

1. e4 c5 2. Nf3 d6 3. d4 cxd4 4. Qxd4 Nc6 5. Bb5 Bd7 6. Qd3 Nf6 7. c4 g6 8.
O-O Bg7 9. Nc3 O-O 10. Bxc6 Bxc6 11. Nd4 Rc8 12. b3 a6 13. Bb2 Qa5 14. Rfe1
e6 15. Rad1 Rfd8 16. a3 Be8 17. h3 Nd7 18. Qg3 Ne5 19. Kh1 Qb6 20. Ba1 Nc6
21. Nce2 Nxd4 22. Bxd4 Bxd4 23. Nxd4 Qc5 24. a4 b5 25. axb5 axb5 26. cxb5
Bxb5 27. Qh4 Ba6 28. Nf3 Kg7 29. e5 d5 30. Rd4 Rd7 31. Rf4 h6 32. Qf6+ Kg8
33. Rh4 Qf8 34. Qf4 Kh7 35. Qa4 Ra7 36. Ra1 Raa8 37. Qf4 Bd3 38. Rd1 Be2
39. Rd4 Bxf3 40. Qxf3 Qg7 41. Rd1 Ra2 42. Rf4 Kg8 43. Qe3 Rcc2 44. Kg1 Re2
45. Qf3 Rxe5 46. Rc1 Ra7 47. b4 Kh7 48. b5 Rf5 49. b6 Qb2 50. Rxf5 Qxc1+
51. Kh2 gxf5 52. bxa7 Qc7+ 53. g3 Qxa7 54. Kg2 Qd4 55. Kg1 Qe4 56. Qh5 Kg7
57. g4 fxg4 58. hxg4 d4 59. Kf1 d3 60. g5 Qe2+ 0-1

[Event "67th ch-BUL"]
[Site "Sofia BUL"]
[Date "2003.05.15"]
[Round "9"]
[White "Dragiev,V"]
[Black "Petrov,Marij"]
[Result "1/2-1/2"]
[WhiteElo "2450"]
[BlackElo "2490"]
[EventDate "2003.05.07"]

1. c4 g6 2. g3 Bg7 3. Bg2 e5 4. Nc3 d6 5. e3 f5 6. d3 Nf6 7. Nge2 O-O 8.
O-O c6 9. b4 Nbd7 10. Rb1 g5 11. b5 c5 12. a4 Kh8 13. Bd2 Qe8 14. Qc2 f4
15. exf4 gxf4 16. gxf4 exf4 17. Bxf4 Ne5 18. Bg3 Nfg4 19. Nf4 h5 20. Ncd5
Qf7 21. Qe2 Bh6 22. h3 h4 23. Bxh4 Bxf4 24. hxg4 Bxg4 25. f3 Be6 26. Bf6+
Qxf6 27. Nxf6 Rxf6 28. Kf2 Bf5 29. Rh1+ Kg7 30. Rbd1 Re8 31. Qc2 Rg6 32.
Bh3 Bg3+ 33. Kf1 Rf8 34. Bxf5 Rxf5 35. d4 Rxf3+ 36. Kg2 cxd4 37. Rxd4 Bf4+
38. Qxg6+ Kxg6 39. Rxd6+ Kf5 40. Rh7 Rg3+ 41. Kf1 Ke4 42. Ke2 Nxc4 43. Re7+
Be5 44. Rdd7 Rg2+ 45. Kd1 Ne3+ 46. Kc1 b6 47. Rxa7 Kd3 48. Rxe5 Rg1+ 49.
Kb2 Nc4+ 50. Kb3 Nxe5 51. a5 Rb1+ 52. Ka2 Rxb5 53. axb6 Rxb6 54. Rh7 Kc3
55. Rh3+ Nd3 56. Rh1 Rb2+ 57. Ka3 Rb8 58. Ka2 Nb4+ 59. Kb1 Nc2+ 60. Kc1 Ne3
61. Rh3 Kd3 62. Rg3 Kd4 63. Rh3 Rb3 64. Rh8 Rc3+ 65. Kd2 Rc2+ 66. Ke1
1/2-1/2